Statistics for General Knowledge Quiz #133

Click here to take the quiz!

General Stats

  • This quiz has been taken 58,368 times
    (30,633 since last reset)
  • The average score is 12 of 20

Answer Stats

QuestionAnswer% Correct
What is the name for a creature that is half man, half horse?Centaur
83%
What plant contains the chemical THC?Cannabis
77%
What tire company also makes a famous restaurant guide?Michelin
76%
Who famously stood over a subway grate while wearing a billowy white dress?Marilyn Monroe
75%
What type of crab is known for using the discarded shells of other sea creatures?{Hermit} Crab
74%
If I say, "Dónde está el baño", what am I asking?Where's the bathroom?
72%
In what game might you hit, stand, split, or double down?Blackjack
70%
What was visited by Viking, Pathfinder, and Curiosity?Mars
67%
What country had a civil war in the 1930s?Spain
65%
Who is Thursday named after?Thor
65%
What sport was the subject of the movies "Senna" and "Rush"?Formula One
60%
What is legally classified as a religion in the United States,
a cult in France, and a business in Switzerland?
Scientology
60%
What country's last monarch was Queen Liliʻuokalani?Hawaii
58%
Which country is Easter Island a territory of?Chile
54%
Through what Belgian city do 84% of the world's diamonds pass?Antwerp
47%
In golf, what word comes after "Sand" and "Pitching"?Wedge
45%
On what island was St. Patrick born?Great Britain
44%
What country's "Kingdom Tower" is planned to be more than a kilometer tall if
they can ever finish construction?
Saudi Arabia
44%
What composer's "Messiah" is frequently performed during the Christmas season?George Frideric Handel
38%
What are fairy rings made of?Mushrooms
27%

Score Distribution

Percentile by Number Answered

Percent of People with Each Score

Your Score History

You have not taken this quiz since the last reset